[Event "Pardubice Czech op-A 32nd"]
[Site "Pardubice"]
[Date "2021.07.24"]
[Round "2"]
[White "Jedlicka, Ales"]
[Black "Berset, Alan"]
[Result "1-0"]
[WhiteElo "2212"]
[BlackElo "1994"]
[PlyCount "93"]
[EventDate "2021.07.23"]
[EventType "swiss"]
[EventRounds "9"]
[EventCountry "CZE"]
[SourceTitle "CBM 203 Extra"]
[Source "ChessBase"]
[SourceDate "2021.09.30"]
[SourceVersion "1"]
[SourceVersionDate "2021.09.30"]
[SourceQuality "1"]

1. Nf3 d5 2. c4 d4 3. b4 c5 4. g3 cxb4 5. a3 bxa3 6. Bg2 Nc6 7. Bxa3 e5 8. Bxf8 Kxf8 9. d3 g6 10. 0-0 Kg7 11. Nbd2 f5 12. Qa4 Nf6 13. Rfb1 Re8 14. Ne1 e4 15. Nb3 Ng4 16. dxe4 fxe4 17. Nc5 Nxf2 18. Kxf2 Qg5 19. Qa3 Qf5+ 20. Kg1 b6 21. Nxe4 Rxe4 22. Bxe4 Qxe4 23. Qf3 Bf5 24. Qxe4 Bxe4 25. Rxb6 Rc8 26. Rb7+ Kh6 27. Rd7 Ne5 28. Rxd4 Rxc4 29. Rxc4 Nxc4 30. Rxa7 Nd6 31. Nd3 Bf5 32. Ne5 Ne4 33. g4 Be6 34. Re7 Bd5 35. h4 g5 36. h5 Nf6 37. Kh2 Bb3 38. Kh3 Nd5 39. Rb7 Nf4+ 40. Kh2 Bd5 41. Rb6+ Kg7 42. h6+ Kf8 43. e3 Ne6 44. Rd6 Bb3 45. Rd7 Bc2 46. Ra7 Be4 47. Nd7+ 1-0

[Event "Pardubice op rapid 32nd"]
[Site "Pardubice"]
[Date "2021.07.21"]
[Round "3"]
[White "Kourousis, Epaminondas"]
[Black "Berset, Alan"]
[Result "1-0"]
[WhiteElo "2391"]
[BlackElo "1994"]
[PlyCount "101"]
[EventDate "2021.07.21"]
[EventType "swiss (rapid)"]
[EventRounds "9"]
[EventCountry "CZE"]
[SourceTitle "CBM 203 Extra"]
[Source "ChessBase"]
[SourceDate "2021.09.30"]
[SourceVersion "1"]
[SourceVersionDate "2021.09.30"]
[SourceQuality "1"]

1. Nf3 d5 2. g3 Nf6 3. Bg2 g6 4. d4 Bg7 5. c4 c6 6. 0-0 0-0 7. Nc3 Nbd7 8. cxd5 cxd5 9. b3 Nb6 10. a4 Bf5 11. Ba3 Ne4 12. Rc1 Rc8 13. Na2 Re8 14. e3 e6 15. Ne1 Rxc1 16. Nxc1 Nd7 17. g4 Nc3 18. Qd2 Nb1 19. Qb2 Nxa3 20. gxf5 Qe7 21. fxe6 fxe6 22. Ncd3 Rc8 23. Nf4 Kf7 24. Bh3 Nf8 25. Nxd5 Qg5+ 26. Bg2 exd5 27. Qxa3 Ne6 28. Qd6 Rd8 29. Qg3 Ke7 30. Qxg5+ Nxg5 31. Nd3 Ne6 32. Rc1 Kd6 33. Nc5 Nxc5 34. Rxc5 Ke6 35. Rc7 Bf8 36. Rxb7 a5 37. Rb6+ Bd6 38. Ra6 Rb8 39. Rxa5 Rb4 40. Bxd5+ Kf5 41. Bc4+ Kg4 42. Kg2 Rb8 43. Ra7 h5 44. Ra6 Rd8 45. a5 g5 46. Rc6 Bb8 47. a6 Rf8 48. Rc8 Rxf2+ 49. Kxf2 Bxh2 50. Be2+ Kh4 51. Bxh5 1-0

[Event "Pardubice Czech op-E 32nd"]
[Site "Pardubice"]
[Date "2021.07.16"]
[Round "3.2"]
[White "Krejci, Jan1111"]
[Black "Berset, Alan"]
[Result "1-0"]
[WhiteElo "2547"]
[BlackElo "1994"]
[PlyCount "49"]
[EventDate "2021.07.15"]
[EventType "team-swiss"]
[EventRounds "7"]
[EventCountry "CZE"]
[SourceTitle "CBM 203 Extra"]
[Source "ChessBase"]
[SourceDate "2021.09.30"]
[SourceVersion "1"]
[SourceVersionDate "2021.09.30"]
[SourceQuality "1"]
[WhiteTeam "Unichess Penguins"]
[BlackTeam "Kurac"]
[WhiteTeamCountry "CZE"]
[BlackTeamCountry "GER"]

1. d4 Nf6 2. c4 e5 3. dxe5 Ng4 4. Bf4 g5 5. Bg3 Bg7 6. e3 Nxe5 7. Nc3 d6 8. h4 h6 9. hxg5 hxg5 10. Rxh8+ Bxh8 11. Qh5 Bg7 12. Nh3 Bxh3 13. gxh3 Qf6 14. 0-0-0 Qg6 15. Qxg6 Nxg6 16. Ne4 Bh6 17. c5 f5 18. Nf6+ Kf7 19. Nd5 Nd7 20. Nxc7 Rc8 21. Bc4+ Kg7 22. Ne6+ Kh7 23. Bxd6 b6 24. Ba6 Re8 25. c6 1-0

[Event "Zuerich op 37th"]
[Site "Zuerich"]
[Date "2013.12.30"]
[Round "7"]
[White "Nuri, Karo"]
[Black "Berset, Alan"]
[Result "1/2-1/2"]
[WhiteElo "2014"]
[BlackElo "1964"]
[PlyCount "106"]
[EventDate "2013.12.26"]
[EventType "swiss"]
[EventRounds "7"]
[EventCountry "SUI"]
[SourceTitle "CBM 158 Extra"]
[Source "ChessBase"]
[SourceDate "2014.02.28"]
[SourceVersion "1"]
[SourceVersionDate "2014.02.28"]
[SourceQuality "1"]

1. Nf3 d5 2. c4 Nf6 3. g3 c6 4. b3 Bf5 5. Bg2 Nbd7 6. cxd5 cxd5 7. Bb2 e6 8. 0-0 Bb4 9. a3 Ba5 10. d3 0-0 11. Nbd2 Rc8 12. Rc1 Qe7 13. b4 Bc7 14. e4 dxe4 15. dxe4 Bg4 16. Qa4 a6 17. b5 Nc5 18. Qb4 Bd8 19. e5 Nd3 20. Qxe7 Bxe7 21. Rxc8 Rxc8 22. exf6 gxf6 23. Bd4 e5 24. Be3 axb5 25. Rb1 Bd7 26. Bf1 Rc3 27. Rb3 Rxb3 28. Nxb3 Nb2 29. Bc5 Bd8 30. Nfd2 f5 31. Bd6 f6 32. Nc5 Bc6 33. Bh3 Ba5 34. Ncb3 Bxd2 35. Nxd2 Bd7 36. Ne4 Kf7 37. Bb4 Kg6 38. Nd6 b6 39. Bf1 f4 40. gxf4 exf4 41. Bxb5 Be6 42. Be8+ Kg5 43. Bc6 f5 44. Bf3 Nd3 45. Nb5 Ne5 46. Kg2 Nxf3 47. Kxf3 Bd5+ 48. Ke2 Bc4+ 49. Kf3 Bxb5 50. Be7+ Kg6 51. Bd8 Bc6+ 52. Kxf4 b5 53. h4 Be4 1/2-1/2

[Event "Zuerich op 37th"]
[Site "Zuerich"]
[Date "2013.12.26"]
[Round "1"]
[White "Berset, Alan"]
[Black "Lustenberger, Josef"]
[Result "1-0"]
[WhiteElo "1964"]
[BlackElo "1854"]
[PlyCount "109"]
[EventDate "2013.12.26"]
[EventType "swiss"]
[EventRounds "7"]
[EventCountry "SUI"]
[SourceTitle "CBM 158 Extra"]
[Source "ChessBase"]
[SourceDate "2014.02.28"]
[SourceVersion "1"]
[SourceVersionDate "2014.02.28"]
[SourceQuality "1"]

1. d4 d5 2. c4 e6 3. g3 c6 4. Bg2 Nf6 5. Qc2 Be7 6. Nf3 0-0 7. 0-0 Ne4 8. Nc3 f5 9. Ne5 Nd7 10. Bf4 g5 11. Nxd7 Bxd7 12. Be5 Bf6 13. f4 Bxe5 14. fxe5 Be8 15. Nxe4 fxe4 16. Rxf8+ Kxf8 17. Rf1+ Kg7 18. Rf6 Qe7 19. Qd2 h6 20. h4 Bf7 21. hxg5 h5 22. g6 Bg8 23. Bh3 Rf8 24. Rxf8 Qxf8 25. Qg5 b6 26. cxd5 cxd5 27. a3 e3 28. Qxe3 Qe8 29. Qg5 Qxg6 30. Qxg6+ Kxg6 31. Kf2 Kg5 32. e4 dxe4 33. Ke3 h4 34. gxh4+ Kxh4 35. Bg2 Kg5 36. Bxe4 Bf7 37. Bc6 Kf5 38. Be4+ Kg5 39. b4 Bg8 40. Bc2 Bf7 41. Be4 Bg8 42. Bc2 Bf7 43. d5 exd5 44. Kd4 Be6 45. Bb3 Kf5 46. Bxd5 Bd7 47. Bg2 Bb5 48. Kd5 a5 49. Kd6 axb4 50. axb4 Bc4 51. Bc6 b5 52. Bd7+ Ke4 53. e6 Kd4 54. e7 Bf7 55. Bxb5 1-0

[Event "SUI-chB"]
[Site "Flims"]
[Date "2012.07.17"]
[Round "6"]
[White "Colmenares, Aurelio"]
[Black "Berset, Alan"]
[Result "1-0"]
[WhiteElo "2268"]
[BlackElo "1946"]
[PlyCount "83"]
[EventDate "2012.07.12"]
[EventType "swiss"]
[EventRounds "9"]
[EventCountry "SUI"]
[SourceTitle "CBM 149 Extra"]
[Source "ChessBase"]
[SourceDate "2012.08.24"]
[SourceVersion "1"]
[SourceVersionDate "2012.08.24"]
[SourceQuality "1"]

1. e4 g6 2. d4 Bg7 3. c4 d6 4. Nc3 e5 5. Nge2 Nc6 6. Be3 b6 7. d5 Nb8 8. Nc1 a5 9. Be2 Ne7 10. g4 Na6 11. h4 h6 12. Rb1 f5 13. gxf5 gxf5 14. Bh5+ Kf8 15. f3 Bd7 16. a3 Be8 17. Bxe8 Qxe8 18. h5 f4 19. Bg1 Bf6 20. Qe2 Rg8 21. Qh2 Qf7 22. Bf2 Rg5 23. b4 Ng8 24. Nd3 Bd8 25. Bh4 Rg7 26. bxa5 Bxh4+ 27. Qxh4 bxa5 28. Rb5 Nf6 29. Rxa5 Rg5 30. Qh3 Ke7 31. Nb4 Rg3 32. Nc6+ Kf8 33. Rxa6 Rxa6 34. Qc8+ Kg7 35. Qxa6 Rxf3 36. Nd8 Qg8 37. Rg1+ Rg3 38. Rxg3+ fxg3 39. Qc8 Nxh5 40. Ne6+ Kh7 41. Qxg8+ Kxg8 42. a4 1-0

[Event "Zuerich op-B 33rd"]
[Site "Zuerich"]
[Date "2009.12.27"]
[Round "2"]
[White "Berset, Alan"]
[Black "Binggeli, Christian"]
[Result "1-0"]
[WhiteElo "1852"]
[BlackElo "2029"]
[PlyCount "49"]
[EventDate "2009.12.26"]
[EventType "swiss"]
[EventRounds "7"]
[EventCountry "SUI"]
[SourceTitle "EXT 2019"]
[Source "ChessBase"]
[SourceDate "2018.10.10"]
[SourceVersion "1"]
[SourceVersionDate "2018.10.10"]
[SourceQuality "1"]

1. d4 f5 2. c4 Nf6 3. g3 g6 4. Bg2 Bg7 5. Nf3 0-0 6. 0-0 d6 7. Nc3 Qe8 8. Qb3 Kh8 9. Ng5 Na6 10. f4 h6 11. Nf3 c6 12. a3 Bd7 13. Nh4 Qf7 14. Qxb7 Qxc4 15. Nxg6+ Kh7 16. Nxf8+ Rxf8 17. Qxa7 Rc8 18. Rf3 Nd5 19. Qxd7 Bxd4+ 20. e3 Rf8 21. Nxd5 Qxd5 22. exd4 Qxd4+ 23. Be3 Qf6 24. Qxc6 Qxb2 25. Rff1 1-0

[Event "ZI-2006-0-00013"]
[Site "LSS email"]
[Date "2006.05.26"]
[Round "?"]
[White "Sulis, Giovanni"]
[Black "Berset, Alan"]
[Result "1-0"]
[WhiteElo "1831"]
[BlackElo "1388"]
[PlyCount "21"]
[EventDate "2006.05.23"]
[EventType "match (corr)"]
[EventRounds "2"]
[EventCountry "GER"]
[SourceTitle "Corr 2015"]
[Source "ChessBase"]
[SourceDate "2015.07.17"]
[SourceVersion "1"]
[SourceVersionDate "2015.07.17"]
[SourceQuality "1"]

1. c4 e5 2. g3 f5 3. d4 e4 4. Nc3 Bb4 5. Qb3 Bxc3+ 6. bxc3 Nc6 7. Nh3 Nf6 8. Bg5 h6 9. Bd2 d6 10. Nf4 b6 11. Ng6 1-0

[Event "ZI-2006-0-00010"]
[Site "LSS email"]
[Date "2006.05.23"]
[Round "?"]
[White "Sherwood, Russell"]
[Black "Berset, Alan"]
[Result "1-0"]
[WhiteElo "1694"]
[BlackElo "1388"]
[PlyCount "21"]
[EventDate "2006.05.22"]
[EventType "match (corr)"]
[EventRounds "2"]
[EventCountry "GER"]
[SourceTitle "Corr 2015"]
[Source "ChessBase"]
[SourceDate "2015.07.17"]
[SourceVersion "1"]
[SourceVersionDate "2015.07.17"]
[SourceQuality "1"]

1. e4 e5 2. Nf3 Nf6 3. d4 exd4 4. e5 Qe7 5. Be2 Nd5 6. Qxd4 Qe6 7. Ng5 Qc6 8. Bh5 g6 9. Bf3 Qxc2 10. 0-0 Ne7 11. e6 1-0